000 01183cam a2200205 4500
001 ABS66273
008 021217n2002 000 0 eng u
035 _a(Sirsi) u120803
100 _aHolloway, D
245 _aNew assured shorthold model tenancy agreement launched
260 _c2002
490 _aRICS Residential Faculty Residential Newsletter
_v2(5) November 2002, 3(1)
520 _aThe new regulations apply to tenancy agreements which use 'standard terms' and where the tenant is a 'private consumer'. RICS has issued the agreement to meet the requirements of the Unfair Contract Terms Regulations. It contains major changes which will move the balance of agreement, and intends to create a new climate of fairness between the landlord and tenant. Advises discontinuance of use of old and out of date forms, as they will contain unfair and unenforceable terms. The new forms are available from RICS Books at +44 (0)20 7222 7000
590 _aABS
650 _aASSURED SHORTHOLD TENANCIES
650 _aUNFAIR TERMS
650 _aUNFAIR CONTRACT TERMS
690 _aPROPERTY-RESIDENTIAL PROPERTY-RESIDENTIAL LANDLORD AND TENANT-RESIDENTIAL TENANCIES
942 _n0
999 _c71785
_d71785